Lord Jim ; (Record no. 84828)

MARC details
000 -LEADER
campo de control de longitud fija 01191cam a2200385Ia 4500
001 - NÚMERO DE CONTROL
campo de control 86641
005 - FECHA Y HORA DE LA ÚLTIMA TRANSACCIÓN
campo de control 20230410132624.0
008 - DATOS DE LONGITUD FIJA--INFORMACIÓN GENERAL
campo de control de longitud fija 820119s1980 enk 000 1 eng d
035 ## - NÚMERO DE CONTROL DEL SISTEMA
Número de control de sistema (OCoLC)ocm08074311
040 ## - FUENTE DE CATALOGACIÓN
Centro catalogador/agencia de origen CTU
Centro/agencia transcriptor CTU
Centro/agencia modificador OCLCQ
-- OCLCG
-- MTG
-- AU@
-- BNO
-- UKM
015 ## - NÚMERO DE BIBLIOGRAFÍA NACIONAL
Número de bibliografía nacional GB80-10244
019 ## -
-- 16497250
020 ## - NÚMERO INTERNACIONAL ESTÁNDAR DEL LIBRO
Número Internacional Estándar del Libro 9780905712406
029 1# - OTRO NÚMERO DE CONTROL DE SISTEMA (OCLC)
Identificador de la biblioteca OCLC UKSTC
Número de control de sistema 0905712404
029 1# - OTRO NÚMERO DE CONTROL DE SISTEMA (OCLC)
Identificador de la biblioteca OCLC UKNYK
Número de control de sistema 0905712404
029 1# - OTRO NÚMERO DE CONTROL DE SISTEMA (OCLC)
Identificador de la biblioteca OCLC UKERY
Número de control de sistema 0905712404
035 ## - NÚMERO DE CONTROL DEL SISTEMA
Número de control de sistema (OCoLC)8074311
Número de control cancelado/no válido (OCoLC)16497250
050 14 - SIGNATURA TOPOGRÁFICA DE LA BIBLIOTECA DEL CONGRESO
Número de clasificación PR6005.O4
Número de ítem C754l 1980
082 04 - NÚMERO DE LA CLASIFICACIÓN DECIMAL DEWEY
Número de clasificación 823.912
Número de edición 19
049 ## - FONDOS LOCALES (OCLC)
Biblioteca depositaria GRAL
100 1# - ENTRADA PRINCIPAL--NOMBRE DE PERSONA
Nombre de persona Conrad, Joseph,
Fechas asociadas al nombre 1857-1924.
245 10 - MENCIÓN DEL TÍTULO
Título Lord Jim ;
Resto del título The nigger of the 'Narcissus' ; Typhoon ; Nostromo ; The secret agent /
Mención de responsabilidad, etc. Joseph Conrad.
260 ## - PUBLICACIÓN, DISTRIBUCIÓN, ETC.
Lugar de publicación, distribución, etc. London :
Nombre del editor, distribuidor, etc. Heinemann/Octopus,
Fecha de publicación, distribución, etc. 1980.
300 ## - DESCRIPCIÓN FÍSICA
Extensión 861 p. ;
Dimensiones 24 cm.
505 0# - NOTA DE CONTENIDO CON FORMATO
Nota de contenido con formato Lord Jim -- The nigger of the Narcissus -- Typhoon -- Nostromo -- The secret agent.
650 #0 - PUNTO DE ACCESO ADICIONAL DE MATERIA--TÉRMINO DE MATERIA
Término de materia o nombre geográfico como elemento de entrada Fiction in English.
653 ## - TÉRMINO DE INDIZACIÓN--NO CONTROLADO
Término no controlado Fiction in English, 1900- Texts
740 01 - ENTRADA AGREGADA--TÍTULO RELACIONADO/ANALÍTICO NO CONTROLADO
Título relacionado o analítico no controlado Nigger of the 'Narcissus'.
740 01 - ENTRADA AGREGADA--TÍTULO RELACIONADO/ANALÍTICO NO CONTROLADO
Título relacionado o analítico no controlado Typhoon.
740 01 - ENTRADA AGREGADA--TÍTULO RELACIONADO/ANALÍTICO NO CONTROLADO
Título relacionado o analítico no controlado Nostromo.
740 01 - ENTRADA AGREGADA--TÍTULO RELACIONADO/ANALÍTICO NO CONTROLADO
Título relacionado o analítico no controlado Secret agent.
942 ## - ELEMENTOS DE ENTRADA SECUNDARIOS (KOHA)
Fuente del sistema de clasificación o colocación Clasificación de Library of Congress
Tipo de ítem Koha
994 ## -
-- C0
-- DRFGD
946 ## - PROCESAMIENTO DE INFORMACIÓN LOCAL (OCLC)
a rdc
Holdings
Estatus retirado Estado de pérdida Fuente del sistema de clasificación o colocación Estado de daño No para préstamo Colección Biblioteca de origen Biblioteca actual Ubicación en estantería Fecha de adquisición Serial enumeration / chronology Signatura topográfica completa Código de barras Visto por última vez Tipo de ítem Koha
    Clasificación de Library of Congress     Humanidades Biblioteca Juan Bosch Biblioteca Juan Bosch Humanidades (4to. Piso) 10/04/2023 3 PR6005.O4 C754l 1980 00000076584 25/10/2018